| Tag |
First Indicator |
Second Indicator |
Subfields |
| LEADER |
00000pam a2200000 a 4500 |
| 001 |
in00000083412 |
| 005 |
20151008061250.0 |
| 008 |
820111s1982 caua b 00100 eng |
| 010 |
|
|
|a 81023308
|
| 020 |
|
|
|a 0803918054
|
| 035 |
|
|
|a (OCoLC)08132527
|
| 035 |
|
|
|9 AAJ7685AM
|
| 039 |
0 |
|
|a 2
|b 3
|c 3
|d 3
|e 3
|
| 040 |
|
|
|a DLC
|c DLC
|d TXA
|d UtOrBLW
|
| 049 |
|
|
|a TXAM
|c 1 [1362326], 2 [804338]
|
| 050 |
0 |
0 |
|a LB3013.2
|b S36 1982
|
| 082 |
0 |
|
|a 371.2/51
|2 19
|
| 245 |
0 |
0 |
|a School class size :
|b research and policy /
|c Gene V. Glass [and others].
|
| 264 |
|
1 |
|a Beverly Hills :
|b Sage Publications,
|c [1982]
|
| 264 |
|
4 |
|c ©1982
|
| 300 |
|
|
|a 160 pages :
|b illustrations ;
|c 23 cm.
|
| 336 |
|
|
|a text
|b txt
|2 rdacontent
|
| 337 |
|
|
|a unmediated
|b n
|2 rdamedia
|
| 338 |
|
|
|a volume
|b nc
|2 rdacarrier
|
| 500 |
|
|
|a Includes indexes.
|
| 504 |
|
|
|a Bibliography: pages 145-153.
|
| 650 |
|
0 |
|a Class size.
|
| 700 |
1 |
|
|a Glass, Gene V,
|d 1940-
|
| 999 |
|
|
|a MARS
|
| 999 |
f |
f |
|s da28d97f-ea40-3ea8-85a2-fb2bc4229ecf
|i 2f669b0e-f067-3a1f-9d32-873b2ff5d282
|t 0
|
| 952 |
f |
f |
|p normal
|a Texas A&M University
|b College Station
|c Sterling C. Evans Library
|d Evans: Library Stacks
|t 0
|e LB3013.2 S36 1982
|h Library of Congress classification
|i unmediated -- volume
|m A14807451518
|
| 998 |
f |
f |
|a LB3013.2 S36 1982
|t 0
|l Evans: Library Stacks
|